Datum a čas kvízu
25
Celkem bodů
Celkový počet nahraných bodů na tomto kvízu bez doplňovacích otázek.
10.
Pořadí na kvízu
Konečné umístění týmu na tomto kvízu.
Zaznamenané odpovědi
| # | Otázka | Odpověď | Body | Výsledky |
|---|---|---|---|---|
| 1. | Předsedou Zelených se v sobotu... | 0 | ||
| 2. | Prostořeký prezident USA Donal... | 0 | ||
| 3. | Ve středu 17. ledna byly oznám... | 0 | ||
| 4. | Britové na sociálních sítích k... | 0 | ||
| 5. | Její start poutal hodně pozorn... | 1 | ||
| 6. | Abychom se mohli ohřát u ohně,... | 0 | ||
| 7. | Firework, tedy Ohňostroj, je h... | 1 | ||
| 8. | Ohňová země je souostroví u ji... | 1 | ||
| 5. | Napište název jevu související... | 0 | ||
| 5. | Ohněm a mečem je román polskéh... | 1 |